00655nam a2200205Ia 4500952014100000999001700141003000400158005001700162008004100179020001800220040000900238082001800247100003000265245004300295250001200338260003600350300000900386650001200395942004200407 00102ddc40708FICaMESbMEScENGd2019-02-20g350.00l2o813.52 FIT/Gp40393r2019-10-10 00:00:00s2019-09-30w2019-02-20yBKzGR18R1 c15137d15137OSt20201113104622.0190216s9999||||xx |||||||||||||| ||und|| a9780141182636 coclc a813.52bFIT/G aFitzgerald, Scott F96244 4aThe Great Gatsby /cF Scott Fitzgerald a1st Ed. bPenguin Books,c2000.aEngland: a176p aEnglish cBK2ddch813.52iFIT/Gk813.52mFIT/G